| 000 | 00382nam a22001697a 4500 | ||
|---|---|---|---|
| 003 | OSt | ||
| 005 | 20211227140605.0 | ||
| 008 | 211227b |||||||| |||| 00| 0 eng d | ||
| 020 | _a0340692324 | ||
| 040 | _cHU | ||
| 050 | _a004 | ||
| 082 |
_2 _a004 |
||
| 100 |
_aBeales R.P. _925434 |
||
| 245 | _aPC Systems Instllation and Maintenance | ||
| 250 | _a004 | ||
| 942 |
_2ddc _cBOOKS _n0 |
||
| 999 |
_c24365 _d24365 |
||